Sanskrit Research And Modern Challenges (Record no. 1355715)

MARC details
000 -LEADER
fixed length control field 00568nam a2200217Ia 4500
008 - FIXED-LENGTH DATA ELEMENTS--GENERAL INFORMATION
fixed length control field 160209s9999||||xx |||||||||||||| ||und||
082 ## - DEWEY DECIMAL CLASSIFICATION NUMBER
Classification number XV B/Skt. Reaserach
082 ## - DEWEY DECIMAL CLASSIFICATION NUMBER
Item number BORI-80909
245 ## - TITLE STATEMENT
Title Sanskrit Research And Modern Challenges
260 ## - PUBLICATION, DISTRIBUTION, ETC. (IMPRINT)
Name of publisher, distributor, etc A. Balakrishnan
300 ## - PHYSICAL DESCRIPTION
Extent XXXV+265
300 ## - PHYSICAL DESCRIPTION
Dimensions B
300 ## - PHYSICAL DESCRIPTION
Accompanying material Paperback
300 ## - PHYSICAL DESCRIPTION
Type of unit Ref
530 ## - ADDITIONAL PHYSICAL FORM AVAILABLE NOTE
Uniform Resource Identifier <a href="00084003.pdf">00084003.pdf</a>
630 ## - SUBJECT ADDED ENTRY--UNIFORM TITLE
Uniform title Sanskrit Research And Modern Challenges
650 ## - SUBJECT ADDED ENTRY--TOPICAL TERM
Topical term or geographic name as entry element Proceedings
650 ## - SUBJECT ADDED ENTRY--TOPICAL TERM
Topical term or geographic name as entry element Reference
730 ## - ADDED ENTRY--UNIFORM TITLE
Uniform title Sanskrit Research And Modern Challenges
942 ## - ADDED ENTRY ELEMENTS (KOHA)
Koha item type Book

No items available.